[Event "Olomouc op"]
[Site "Olomouc"]
[Date "2012.08.03"]
[Round "2"]
[White "Swiatloch, Tomasz"]
[Black "Narayanan, Srinath"]
[Result "0-1"]
[WhiteElo "2099"]
[BlackElo "2399"]
[PlyCount "56"]
[EventDate "2012.08.02"]
[EventType "swiss"]
[EventRounds "9"]
[EventCountry "CZE"]
[SourceTitle "CBM 149 Extra"]
[Source "ChessBase"]
[SourceDate "2012.08.24"]
[SourceVersion "1"]
[SourceVersionDate "2012.08.24"]
[SourceQuality "1"]

1. e4 c5 2. Nf3 d6 3. d4 cxd4 4. Nxd4 Nf6 5. Nc3 a6 6. Be2 e5 7. Nb3 Be7 8. 0-0 0-0 9. Kh1 Nc6 10. f4 b5 11. a4 b4 12. Nd5 Nxe4 13. Bf3 f5 14. Nd2 Nxd2 15. Nxe7+ Nxe7 16. Bxa8 Nxf1 17. Qxf1 Qc7 18. fxe5 dxe5 19. Bg5 Ng6 20. Bd5+ Kh8 21. Qf2 f4 22. Rc1 Bf5 23. h4 h6 24. h5 hxg5 25. hxg6 Bxg6 26. Qf3 Rf6 27. c4 Qc5 28. Re1 g4 0-1

[Event "Rewal op-B 17th"]
[Site "Rewal"]
[Date "2012.08.??"]
[Round "8"]
[White "Swiatloch, Tomasz"]
[Black "Jaskolka, Tomasz"]
[Result "1-0"]
[WhiteElo "2099"]
[BlackElo "2037"]
[PlyCount "69"]
[EventDate "2012.08.20"]
[EventType "swiss"]
[EventRounds "9"]
[EventCountry "POL"]
[SourceTitle "EXT 2014"]
[Source "ChessBase"]
[SourceDate "2013.11.20"]
[SourceVersion "1"]
[SourceVersionDate "2013.11.20"]
[SourceQuality "1"]

1. e4 c5 2. Nf3 Nc6 3. d4 cxd4 4. Nxd4 g6 5. c4 d6 6. Nc3 Nf6 7. Be2 Nxd4 8. Qxd4 Bg7 9. Bg5 0-0 10. Qd2 Be6 11. Rc1 Nd7 12. f3 a6 13. b3 f6 14. Be3 f5 15. exf5 Rxf5 16. f4 Qa5 17. 0-0 Rff8 18. Bf3 Rab8 19. Rfe1 Bf7 20. Nd5 Qd8 21. Ba7 e6 22. Bxb8 Qxb8 23. Nc3 b5 24. Red1 bxc4 25. bxc4 Nb6 26. Ne2 e5 27. Qxd6 Nxc4 28. Qxa6 Ne3 29. Rb1 Qe8 30. Bc6 Qe7 31. Rd7 Qc5 32. Rc1 Nc4+ 33. Kh1 Qe3 34. Rxf7 Qxe2 35. Rxf8+ 1-0

[Event "Rewal op-B 17th"]
[Site "Rewal"]
[Date "2012.08.??"]
[Round "1"]
[White "Swiatloch, Tomasz"]
[Black "Knap, Jerzy"]
[Result "1-0"]
[WhiteElo "2099"]
[BlackElo "1798"]
[PlyCount "83"]
[EventDate "2012.08.20"]
[EventType "swiss"]
[EventRounds "9"]
[EventCountry "POL"]
[SourceTitle "EXT 2014"]
[Source "ChessBase"]
[SourceDate "2013.11.20"]
[SourceVersion "1"]
[SourceVersionDate "2013.11.20"]
[SourceQuality "1"]

1. e4 c5 2. Nf3 d6 3. d4 cxd4 4. Nxd4 Nf6 5. Nc3 a6 6. Be2 g6 7. 0-0 Bg7 8. Kh1 0-0 9. f4 e5 10. Nb3 Nc6 11. fxe5 dxe5 12. Qxd8 Rxd8 13. Bg5 Rd6 14. Rad1 Rxd1 15. Bxd1 Ng4 16. Nd5 h6 17. Nb6 hxg5 18. Nxa8 Ne3 19. Re1 Nc4 20. Be2 Nxb2 21. Nb6 Be6 22. Rb1 Nd4 23. Bf1 f5 24. Rxb2 fxe4 25. Nc5 Bf5 26. c3 Nc6 27. Nd5 e3 28. Nxe3 e4 29. Nd5 Ne5 30. Rxb7 Kh8 31. Nxa6 Nd3 32. Nab4 Nf2+ 33. Kg1 Nd1 34. Be2 Nxc3 35. Nxc3 Bxc3 36. a4 e3 37. Nd5 Bd4 38. Re7 Bc2 39. a5 Bd1 40. Kf1 Bb3 41. Nxe3 Bc4 42. a6 1-0

[Event "Chorzow op"]
[Site "Chorzow"]
[Date "2010.03.26"]
[Round "7"]
[White "Swiatloch, Tomasz"]
[Black "Kaczmarek, Aleksander"]
[Result "1-0"]
[WhiteElo "2113"]
[BlackElo "2009"]
[PlyCount "63"]
[EventDate "2010.03.20"]
[EventType "swiss"]
[EventRounds "9"]
[EventCountry "POL"]
[SourceTitle "EXT 2012"]
[Source "ChessBase"]
[SourceDate "2011.11.24"]
[SourceVersion "1"]
[SourceVersionDate "2011.11.24"]
[SourceQuality "1"]

1. e4 c6 2. d4 d5 3. exd5 cxd5 4. c4 Nf6 5. Nc3 Nc6 6. cxd5 Nxd5 7. Bc4 e6 8. Nf3 Be7 9. 0-0 0-0 10. Re1 Bf6 11. Ne4 Nce7 12. Ne5 b6 13. b3 Bb7 14. Ba3 Nf4 15. Nxf6+ gxf6 16. Qg4+ Nfg6 17. Nxg6 hxg6 18. Bxe6 Kg7 19. Bc4 Re8 20. Bxf7 f5 21. Qe2 Kxf7 22. Qe6+ Kg7 23. Bxe7 Qxd4 24. h3 Qd5 25. Qf6+ Kh7 26. f3 Qg8 27. Rad1 Qg7 28. Rd7 Rab8 29. Qxg7+ Kxg7 30. Bg5+ Kf8 31. Bh6+ Kg8 32. Rxe8+ 1-0

[Event "Chorzow op"]
[Site "Chorzow"]
[Date "2010.03.21"]
[Round "2"]
[White "Jelonek, Michal"]
[Black "Swiatloch, Tomasz"]
[Result "1/2-1/2"]
[WhiteElo "1959"]
[BlackElo "2113"]
[PlyCount "120"]
[EventDate "2010.03.20"]
[EventType "swiss"]
[EventRounds "9"]
[EventCountry "POL"]
[SourceTitle "EXT 2012"]
[Source "ChessBase"]
[SourceDate "2011.11.24"]
[SourceVersion "1"]
[SourceVersionDate "2011.11.24"]
[SourceQuality "1"]

1. c4 c5 2. Nc3 Nf6 3. g3 e6 4. Nf3 d5 5. cxd5 exd5 6. d4 Nc6 7. Bg2 c4 8. 0-0 Be7 9. Re1 0-0 10. Ne5 Bf5 11. Bg5 Re8 12. Bxf6 Bxf6 13. Nxd5 Nxe5 14. Nxf6+ Qxf6 15. dxe5 Qxe5 16. Qd2 Rad8 17. Qb4 Be4 18. Bxe4 Qxe4 19. Rac1 Rc8 20. e3 h6 21. Red1 Red8 22. Qa5 Rd3 23. Rxd3 Qxd3 24. Qc3 Qxc3 25. bxc3 Kf8 26. Rd1 Ke7 27. Kf1 a6 28. Rd4 f5 29. g4 fxg4 30. Rxg4 Kf6 31. Ke2 b5 32. Rd4 Rc6 33. f3 g5 34. Rd5 Ke6 35. e4 Rd6 36. Rc5 Rd3 37. Rc6+ Ke5 38. Rxh6 Rxc3 39. Rxa6 Rc2+ 40. Ke3 Rxh2 41. Rc6 Rxa2 42. Rc5+ Kf6 43. Rxb5 Ra3+ 44. Ke2 Ra2+ 45. Ke3 Ra3+ 46. Kf2 Ra1 47. Rf5+ Kg6 48. Rc5 Rc1 49. Ke3 Rc3+ 50. Ke2 Rc2+ 51. Ke3 Rc3+ 52. Kf2 Rc1 53. Rc6+ Kf7 54. Kg3 Rg1+ 55. Kh3 Rc1 56. Kg4 Rg1+ 57. Kf5 Rg3 58. Rc7+ Ke8 59. Rxc4 Rxf3+ 60. Kxg5 Ke7 1/2-1/2

[Event "Chorzow op"]
[Site "Chorzow"]
[Date "2007.03.28"]
[Round "8"]
[White "Leczycki, Pawel"]
[Black "Swiatloch, Tomasz"]
[Result "0-1"]
[WhiteElo "1790"]
[BlackElo "2108"]
[PlyCount "82"]
[EventDate "2007.03.24"]
[EventType "swiss"]
[EventRounds "9"]
[EventCountry "POL"]
[SourceTitle "EXT 2011"]
[Source "ChessBase"]
[SourceDate "2010.11.26"]
[SourceVersion "1"]
[SourceVersionDate "2010.11.26"]
[SourceQuality "1"]

1. d4 Nf6 2. c4 c5 3. Nf3 cxd4 4. Nxd4 e5 5. Nb5 d5 6. cxd5 Bc5 7. N1c3 a6 8. Qa4 0-0 9. b4 axb5 10. Qxa8 Bxb4 11. Bd2 Na6 12. e3 Qa5 13. Rc1 Nxd5 14. Nb1 Nb6 15. Qa7 Bf5 16. Bxb4 Qxb4+ 17. Nd2 Rd8 18. Rd1 Na4 19. Qxb7 Nc3 20. Qb6 Rd6 21. Qb7 h6 22. Bxb5 Nxd1 23. 0-0 Qxd2 24. Bxa6 Rxa6 25. Qxa6 Bd3 26. Qc8+ Kh7 27. h3 Qe2 28. Rxd1 Qxd1+ 29. Kh2 Qc2 30. Qd7 Bg6 31. f3 Qxa2 32. e4 Qe6 33. Qc7 f5 34. exf5 Qxf5 35. Qc3 h5 36. Qc7 h4 37. Qe7 Qf4+ 38. Kh1 Qg3 39. Qe6 Qg5 40. Kh2 Bd3 41. Qe8 Bf1 0-1

[Event "Chorzow op"]
[Site "Chorzow"]
[Date "2007.03.28"]
[Round "7"]
[White "Swiatloch, Tomasz"]
[Black "Stepniewski, Jerzy"]
[Result "0-1"]
[WhiteElo "2108"]
[BlackElo "1865"]
[PlyCount "102"]
[EventDate "2007.03.24"]
[EventType "swiss"]
[EventRounds "9"]
[EventCountry "POL"]
[SourceTitle "EXT 2011"]
[Source "ChessBase"]
[SourceDate "2010.11.26"]
[SourceVersion "1"]
[SourceVersionDate "2010.11.26"]
[SourceQuality "1"]

1. e4 Nh6 2. d4 g6 3. Nc3 f6 4. Nf3 Nf7 5. Bc4 e6 6. 0-0 Bg7 7. Re1 0-0 8. a4 a5 9. Bb3 d6 10. Be3 b6 11. Qd2 Re8 12. Rad1 Ba6 13. Ne2 Nd7 14. Nf4 Nf8 15. h3 Bb7 16. d5 e5 17. Ne6 Qe7 18. Nxg7 Kxg7 19. Nh2 g5 20. Qe2 Ng6 21. Qh5 Rh8 22. g3 Raf8 23. c4 Bc8 24. Bc2 Bd7 25. Rf1 Qe8 26. b3 Qc8 27. Ng4 h6 28. Bd2 Rh7 29. Rc1 Nd8 30. f4 Nxf4 31. Rxf4 Be8 32. Nxf6 Bxh5 33. Nxh5+ Kg8 34. Rf5 Rhf7 35. g4 Rxf5 36. exf5 Nb7 37. f6 Kh8 38. Rf1 Nc5 39. Rf5 c6 40. h4 cxd5 41. hxg5 hxg5 42. Rxg5 Ne4 43. Bxe4 dxe4 44. Be3 Qd8 45. Rg6 d5 46. Bh6 Kh7 47. Bxf8 Kxg6 48. Be7 Qd7 49. cxd5 Qxg4+ 50. Kf1 Qxh5 51. d6 Qf3+ 0-1

[Event "Chorzow op"]
[Site "Chorzow"]
[Date "2007.03.27"]
[Round "6"]
[White "Koziak, Vitali"]
[Black "Swiatloch, Tomasz"]
[Result "1-0"]
[WhiteElo "2468"]
[BlackElo "2108"]
[PlyCount "71"]
[EventDate "2007.03.24"]
[EventType "swiss"]
[EventRounds "9"]
[EventCountry "POL"]
[SourceTitle "EXT 2011"]
[Source "ChessBase"]
[SourceDate "2010.11.26"]
[SourceVersion "1"]
[SourceVersionDate "2010.11.26"]
[SourceQuality "1"]

1. d4 Nf6 2. Nf3 c5 3. d5 e6 4. c4 exd5 5. cxd5 d6 6. Nc3 g6 7. e4 Bg7 8. Bb5+ Nfd7 9. Bf4 Qe7 10. 0-0 0-0 11. Qd2 a6 12. Bxd7 Nxd7 13. a4 Re8 14. Rfe1 Ne5 15. Nxe5 Bxe5 16. Bxe5 Qxe5 17. Rad1 Bd7 18. f4 Qg7 19. a5 Bg4 20. Rc1 Qd4+ 21. Qf2 f6 22. h3 Qxf2+ 23. Kxf2 Bd7 24. e5 fxe5 25. fxe5 Rxe5 26. Rxe5 dxe5 27. Ne4 Bf5 28. Ke3 b6 29. g4 Bxe4 30. Kxe4 Kf7 31. Kxe5 Ke7 32. Rf1 Re8 33. d6+ Kd7+ 34. Kd5 bxa5 35. Rf7+ Kd8 36. Kc6 1-0

[Event "POL-chT 58th 2nd League"]
[Site "Wisla"]
[Date "2002.??.??"]
[Round "?"]
[White "Bitman, Marek"]
[Black "Swiatloch, Tomasz"]
[Result "0-1"]
[WhiteElo "2094"]
[BlackElo "2111"]
[PlyCount "40"]
[EventDate "2002.08.30"]
[EventType "team-swiss"]
[EventRounds "11"]
[EventCountry "POL"]
[SourceTitle "EXT 2019"]
[Source "ChessBase"]
[SourceDate "2018.10.10"]
[SourceVersion "1"]
[SourceVersionDate "2018.10.10"]
[SourceQuality "1"]

1. e4 c5 2. Nf3 d6 3. d3 Nc6 4. g3 g6 5. Bg2 Bg7 6. Nbd2 e5 7. 0-0 Nge7 8. c3 0-0 9. Ne1 Kh8 10. f4 f5 11. Ndf3 Rb8 12. Rf2 Bd7 13. Bf1 b5 14. Ng2 d5 15. exf5 Nxf5 16. fxe5 Nxe5 17. Nxe5 Bxe5 18. Bf4 Bxf4 19. Rxf4 d4 20. Be2 Rb6 0-1

[Event "POL-chT 58th 2nd League"]
[Site "Wisla"]
[Date "2002.??.??"]
[Round "?"]
[White "Kubit, Tomasz"]
[Black "Swiatloch, Tomasz"]
[Result "1-0"]
[WhiteElo "2010"]
[BlackElo "2111"]
[PlyCount "37"]
[EventDate "2002.08.30"]
[EventType "team-swiss"]
[EventRounds "11"]
[EventCountry "POL"]
[SourceTitle "EXT 2019"]
[Source "ChessBase"]
[SourceDate "2018.10.10"]
[SourceVersion "1"]
[SourceVersionDate "2018.10.10"]
[SourceQuality "1"]

1. e4 c5 2. Nf3 d6 3. d4 cxd4 4. Nxd4 e5 5. Ne2 Be6 6. Nbc3 Be7 7. g3 Nf6 8. Bg2 0-0 9. h3 a6 10. g4 Nc6 11. Nd5 Bxd5 12. exd5 Nb8 13. Ng3 g6 14. Kf1 Ne8 15. Be4 Nd7 16. Bh6 Ng7 17. Rg1 Rc8 18. Nh5 gxh5 19. gxh5 1-0

[Event "POL-chT3"]
[Site "Poland"]
[Date "2002.??.??"]
[Round "?"]
[White "Nawrat, Tomasz"]
[Black "Swiatloch, Tomasz"]
[Result "1/2-1/2"]
[WhiteElo "2101"]
[BlackElo "2111"]
[PlyCount "236"]
[EventDate "2002.??.??"]
[EventType "team-tourn"]
[EventRounds "9"]
[EventCountry "POL"]
[SourceTitle "EXT 2006"]
[Source "ChessBase"]
[SourceDate "2005.11.24"]
[SourceVersion "1"]
[SourceVersionDate "2005.11.24"]
[SourceQuality "1"]

1. e4 c5 2. Nf3 d6 3. d4 cxd4 4. Nxd4 Nf6 5. Nc3 a6 6. a3 e6 7. Bg5 Be7 8. Qd2 Qc7 9. Be2 Nbd7 10. g4 b5 11. Bxf6 Nxf6 12. g5 Nd7 13. f4 Nb6 14. h4 Nc4 15. Bxc4 Qxc4 16. 0-0-0 Bd7 17. h5 b4 18. axb4 Qxb4 19. Nb1 Qb7 20. Rde1 Rb8 21. Nb3 Ba4 22. Rh3 0-0 23. h6 Rfc8 24. Qd4 Rxc2+ 25. Kxc2 Bxb3+ 26. Kc1 e5 27. Qd2 exf4 28. Qd4 Bf8 29. Nd2 Be6 30. Rh2 Qb5 31. Rg1 Qa5 32. Kd1 Rb4 33. Qc3 Qb6 34. Rgh1 g6 35. Kc1 Rb5 36. Kb1 d5 37. exd5 Bf5+ 38. Kc1 Rxd5 39. Nc4 Qc6 40. Rd1 Rc5 41. Rd4 Qa4 42. b3 Qe8 43. Kb2 Be6 44. Rhd2 Rc8 45. Rxf4 Qe7 46. Qf6 Qc7 47. Rfd4 Rb8 48. Qf4 Qb7 49. R2d3 Qb4 50. Rd8 Bxc4 51. Rxb8 Qa3+ 52. Kc3 Bxd3 53. Kxd3 Qc5 54. Qd4 Qf5+ 55. Kc3 Qa5+ 56. Kb2 Qa3+ 57. Kb1 f6 58. gxf6 Kf7 59. Rb7+ Ke6 60. Qe4+ Kxf6 61. Qf4+ Ke6 62. Rb6+ Bd6 63. Qg4+ Ke5 64. Qe2+ Kd5 65. Qf3+ Kd4 66. Qd1+ Ke5 67. Qe2+ Kd5 68. Qd3+ Ke5 69. Rxa6 Qc5 70. Qg3+ Kd5 71. Qg5+ Be5 72. Qd2+ Ke4 73. Ra4+ Bd4 74. Rc4 Qb6 75. Qe2+ Kf5 76. Qd3+ Ke5 77. Qg3+ Kd5 78. Qg5+ Be5 79. Qg2+ Kd6 80. Kc2 Kd7 81. Qd5+ Bd6 82. Qf7+ Be7 83. Qd5+ Bd6 84. Qf7+ Be7 85. Qf3 Qd6 86. Qg4+ Ke8 87. Rc8+ Bd8 88. Qe4+ Kd7 89. Qg4+ Ke8 90. Qe2+ Kd7 91. Rc3 Qf4 92. Rd3+ Kc7 93. Rc3+ Kd6 94. Qa6+ Kd7 95. Rd3+ Ke7 96. Qb7+ Bc7 97. Qg2 Be5 98. Qe2 Ke6 99. Rf3 Qxh6 100. Qc4+ Kd6 101. Qa6+ Ke7 102. Qb7+ Kd6 103. Qb8+ Kd5 104. Qd8+ Ke6 105. Qg8+ Kd6 106. Rd3+ Ke7 107. Qd8+ Ke6 108. Qd7+ Kf6 109. Rf3+ Bf4 110. Qd4+ Kf5 111. Qd7+ Kg5 112. Rh3 Qf8 113. Qd5+ Qf5+ 114. Qxf5+ Kxf5 115. Rxh7 Ke4 116. b4 g5 117. Rg7 Kf3 118. Kd3 g4 1/2-1/2

[Event "POL-chT3"]
[Site "Poland"]
[Date "2002.??.??"]
[Round "?"]
[White "Swiatloch, Tomasz"]
[Black "Majcher, Marcin"]
[Result "0-1"]
[WhiteElo "2111"]
[BlackElo "2027"]
[PlyCount "114"]
[EventDate "2002.??.??"]
[EventType "team-tourn"]
[EventRounds "9"]
[EventCountry "POL"]
[SourceTitle "EXT 2006"]
[Source "ChessBase"]
[SourceDate "2005.11.24"]
[SourceVersion "1"]
[SourceVersionDate "2005.11.24"]
[SourceQuality "1"]

1. e4 c5 2. Nf3 e6 3. Qe2 d6 4. g3 Nc6 5. Bg2 g6 6. 0-0 Bg7 7. d3 Nge7 8. c3 0-0 9. Nbd2 e5 10. Ng5 h6 11. Nh3 Be6 12. f4 Qd7 13. Nf2 exf4 14. gxf4 f5 15. Nf3 Rae8 16. Be3 b6 17. Rfe1 Qc7 18. Kh1 fxe4 19. dxe4 d5 20. Nh4 d4 21. Bd2 dxc3 22. bxc3 Na5 23. Rg1 Nc4 24. e5 Nxd2 25. Qxd2 Rd8 26. Qe3 Nf5 27. Nxf5 Bxf5 28. Rae1 Kh7 29. c4 Rd4 30. Ne4 Qe7 31. Nd6 Qh4 32. Ref1 Bd3 33. Be4 Bxf1 34. Bxg6+ Kh8 35. Rxf1 Rdxf4 36. Rxf4 Qxf4 37. Qxf4 Rxf4 38. e6 Rf1+ 39. Kg2 Re1 40. Bf7 Bf8 41. Nc8 Kg7 42. Nxa7 Re2+ 43. Kg3 Rxa2 44. Nc8 Rb2 45. Bh5 Kf6 46. Bg4 Rb4 47. Kf3 h5 48. Bh3 Rb3+ 49. Kg2 b5 50. Nb6 Rxh3 51. Kxh3 b4 52. Nd7+ Kg7 53. Ne5 b3 54. Nd3 Kf6 55. Kh4 Kxe6 56. Kxh5 Kf5 57. h4 Bg7 0-1

[Event "POL-chT 58th 2nd League"]
[Site "Wisla"]
[Date "2002.??.??"]
[Round "?"]
[White "Swiatloch, Tomasz"]
[Black "Szczesniak, Konrad"]
[Result "1/2-1/2"]
[WhiteElo "2111"]
[BlackElo "2208"]
[PlyCount "27"]
[EventDate "2002.08.30"]
[EventType "team-swiss"]
[EventRounds "11"]
[EventCountry "POL"]
[SourceTitle "EXT 2019"]
[Source "ChessBase"]
[SourceDate "2018.10.10"]
[SourceVersion "1"]
[SourceVersionDate "2018.10.10"]
[SourceQuality "1"]

1. e4 g6 2. d4 Bg7 3. Nc3 d6 4. f4 c5 5. dxc5 Qa5 6. cxd6 Bxc3+ 7. bxc3 Qxc3+ 8. Bd2 Qd4 9. Bd3 Qxd6 10. Nf3 Qc5 11. Qe2 Nc6 12. Qe3 Qxe3+ 13. Bxe3 Rb8 14. 0-0 1/2-1/2

[Event "POL-chT2 South U19"]
[Site "Rudnik"]
[Date "2000.??.??"]
[Round "5.2"]
[White "Dziemieszonek, Mateusz"]
[Black "Swiatloch, Tomasz"]
[Result "1/2-1/2"]
[WhiteElo "1800"]
[BlackElo "1800"]
[PlyCount "49"]
[EventDate "2000.07.20"]
[EventType "team-swiss"]
[EventRounds "10"]
[EventCountry "POL"]
[SourceTitle "EXT 2005"]
[Source "ChessBase"]
[SourceDate "2004.11.15"]
[SourceVersion "1"]
[SourceVersionDate "2004.11.15"]
[SourceQuality "1"]
[WhiteTeam "POL-chT2 South U19 1"]
[BlackTeam "Katowice Start U19"]
[WhiteTeamCountry "POL"]
[BlackTeamCountry "POL"]

1. c4 e5 2. Nc3 Nc6 3. g3 g6 4. Bg2 Bg7 5. e3 Nge7 6. Nge2 0-0 7. 0-0 d6 8. a3 a5 9. b3 f5 10. d3 g5 11. f4 h6 12. Bb2 Bd7 13. Qd2 Kh8 14. Nd5 Nxd5 15. Bxd5 Ne7 16. Bg2 c6 17. Bc3 Be6 18. Qb2 Ng6 19. b4 Qb6 20. Qd2 axb4 21. axb4 Rxa1 22. Bxa1 Ra8 23. Kh1 Ra4 24. Bc3 Qa7 25. Nc1 1/2-1/2